00467 2200169 4500001002100000005001700021008004100038020002200079035002500101041000700126082001200133090001800145100002000163245004900183260003800232300002700270INLIS0000000000071150:yyyyMMddHHmmss180719||||||||| | ||| |||| || |  a978-979-29-1676-8 a0010-031300000007115 aid0 a005.118 a005.118 WAH p0 aWAHANA KOMPUTER00aPaling dicari! Visual basic 2010 source code aYogyakartabANDI Yogyakartac2010 axii + 212 hal.; 23 cm.